00643cam a22002057a 450000100100000000500170001000800410002702000150006804000180008308200180010110000280011924500830014726000420023030000280027249000320030065000220033265000260035470000250038083000320040500000794620200929154349.0001117s1992 ck j 001 f spa  a9580701768 aDO-SdBNPcDLC a863.64bG633p1 aGómez Cerda, Alfredo.13aEl puente de piedra /cAlfredo Gómez Cerda ; ilustraciones de Antonio Tello. aMedellin, Colombia :bEDILUX,cc1992. a178 p. :bil. ;c19 cm.1 aNovela de vacaciones Edilux 4aNovela española 4aLiteratura española1 aTello, Antonio,eil. 0aNovela de vacaciones Edilux